Decisiones Sacri Regii Consilii Neapolitani ab excellent. viris, I.C. clarissimis, eiusdem sacri consilii regiis consiliariis

Detalles Bibliográficos
Otros Autores: Aflitto, Matteo d' 1443 - ca. 1523, Capece, Antonio m. 1545, Grammatico, Tomaso 1473-1556
Formato: Libro
Lenguaje:Latin
Publicado: Lugduni 1566
Edición:Nunc demum hac postrema editione diligentius recognitae, atque ab innumeris, quibus scatebant, erroribus, emendatae, addito insuper rerum indice locupletissimo
Materias:
Colección:Banco de datos
Acervo:Biblioteca Armando Olivares Carrillo de la Universidad de Guanajuato. Fondo Conventos
Descripción Física:[4] h., 958 p., [70] h. f°
Tema general:Concilios
Notas:Marca de fuego: Convento de san Francisco de Salamanca, Gto.
LEADER 01015nam a22002170004500
035 |a 2924 
041 0 |a lat 
050 4 |a BV710  |b D4 
245 1 0 |a Decisiones Sacri Regii Consilii Neapolitani ab excellent. viris, I.C. clarissimis, eiusdem sacri consilii regiis consiliariis  |c collectae, Matthaeo de Afflictis, Antonio Capycio, Thoma grammatico 
250 |a Nunc demum hac postrema editione diligentius recognitae, atque ab innumeris, quibus scatebant, erroribus, emendatae, addito insuper rerum indice locupletissimo 
260 |a Lugduni  |b apud haeredes Jacobi Junctae  |c 1566 
300 |a [4] h., 958 p., [70] h.  |c f° 
500 |a Marca de fuego: Convento de san Francisco de Salamanca, Gto.  
650 1 0 |a Concilios 
700 1 |a Aflitto, Matteo d'  |d 1443 - ca. 1523 
700 1 |a Capece, Antonio  |d m. 1545 
700 1 |a Grammatico, Tomaso  |d 1473-1556 
949 |a CO. 5205 
942 |c GUANAJUATO 
943 |g Biblioteca Armando Olivares Carrillo de la Universidad de Guanajuato. Fondo Conventos 
999 |c 1146881  |d 1146881